Vista normal Vista MARC

Entrada Nombre Personal

Número de registros utilizados en: 1

001 - NUMERO DE CONTROL

  • control field: 27438

003 - IDENTIFICADOR DEL NÚMERO DE CONTROL

  • control field: AR-RoUNA

005 - FECHA Y HORA DE LA ÚLTIMA TRANSACCIÓN

  • control field: 20250917103540.0

008 - ELEMENTOS DE DATOS DE LONGITUD FIJA

  • fixed length control field: 250917|| aca||aabn | a|a d

010 ## - NÚMERO DE CONTROL DE LA BIBLIOTECA DEL CONGRESO

  • LC control number: n 84094500

040 ## - FUENTE DE CATALOGACIÓN

  • Original cataloging agency: AR-RoUNA

100 1# - ENCABEZADO--NOMBRE PERSONAL

  • Nombre personal: Lipovetsky, Gilles,
  • Fechas asociadas con un nombre: $d 1944-

377 ## - LENGUAJE ASOCIADO

  • Código de lengua: fre

400 ## - REFERENCIA DE ENVIO “VEASE” - NOMBRE PERSONAL

  • Nombre personal: Lipʻobechʻŭkʻi, Gil,
  • Fechas asociadas a un nombre: 1944-

670 ## - FUENTE EN LA QUE SE LOCALIZARON DATOS

  • Cita fuente: His L'ère du vide, c1983: $b t.p. (Gilles Lipovetsky) cover, p. 4 (b. 1944, professeur de philosophie)

670 ## - FUENTE EN LA QUE SE LOCALIZARON DATOS

  • Cita fuente: Pʻaesyŏn ŭi cheguk, 1999:
  • Información encontrada: t.p. (Gil Lipʻobechʻŭkʻi)

670 ## - FUENTE EN LA QUE SE LOCALIZARON DATOS

  • Cita fuente: $a De la ligereza, 2016:
  • Información encontrada: title page (Gilles Lipovetsky)